000 00516nam a2200193Ia 4500
005 20250923144815.0
008 008 250917s9999 xx 000 0 eng d
037 _aTextual
040 _aDSWL
_beng
_cDSWL
041 _aeng
_2eng
084 _aY112:MY8203.N4, J4
_qDSWL
245 0 _aYouth council an interim
260 _aLondon
_bCommunityof London Press
_c1954
300 _a56p.
365 _aINR
_b2
925 _g2
942 _cTEXL
_hY112:MY8203.N4, J4
999 _c1443588
_d1443588